Competitiveness of the Regions in the Czech Republic from the Perspective of Disaster Risk Financing
Budovanie odolnej, konkurencieschopnej spoločnosti a územia odolného voči katastrofám nie je možné bez zavedeného a funkčného mechanizmu finančnej podpory. Za vytvorenie finančného mechanizmu na zníženie rizika katastrof je zodpovedný každý štát, pričom dôraz sa kladie na fázu pred katastrofou. Záko...
Guardado en:
| Autor principal: | |
|---|---|
| Otros Autores: | , , |
| Formato: | Capítulo de libro |
| Lenguaje: | inglés |
| Materias: | |
| Etiquetas: |
Sin Etiquetas, Sea el primero en etiquetar este registro!
|
MARC
| LEADER | 00000naa a2200000 4500 | ||
|---|---|---|---|
| 001 | 0282719 | ||
| 005 | 20220317074904.3 | ||
| 041 | 0 | |a eng | |
| 044 | |a CZ | ||
| 245 | 1 | 0 | |a Competitiveness of the Regions in the Czech Republic from the Perspective of Disaster Risk Financing |c Alena Oulehlová, Aleš Kudlák, Rudolf Urban, Eva Hoke |
| 520 | |a Budovanie odolnej, konkurencieschopnej spoločnosti a územia odolného voči katastrofám nie je možné bez zavedeného a funkčného mechanizmu finančnej podpory. Za vytvorenie finančného mechanizmu na zníženie rizika katastrof je zodpovedný každý štát, pričom dôraz sa kladie na fázu pred katastrofou. Zákon o krízovom riadení v Českej republike ukladá povinnosť finančného zabezpečovania krízových situácií na ústredných správnych úradoch a samosprávnych územných celkoch. Rozpočet určený na pokrytie všetkých fáz krízového riadenia by mal byť samostatný a nezávislý od politických a iných cieľov predstaviteľov verejnej moci. | ||
| 610 | 2 | 0 | |a konkurencieschopnosť |
| 610 | 2 | 0 | |a riziko |
| 610 | 2 | 0 | |a financovanie |
| 610 | 2 | 0 | |a manažment krízový |
| 610 | 2 | 0 | |a regióny |
| 610 | 2 | 0 | |a Česko |
| 100 | 1 | |a Oulehlová, Alena | |
| 700 | 1 | |a Kudlák, Aleš | |
| 700 | 1 | |a Urban, Rudolf | |
| 700 | 1 | |a Hoke, Eva | |